Central Library OPAC University of Rajshahi

The origins of psycho-analysis : (Record no. 29229)

MARC details
000 -LEADER
fixed length control field 01030cam a22002891 4500
001 - CONTROL NUMBER
control field 29229
003 - CONTROL NUMBER IDENTIFIER
rucl marc code BD-RjUL
005 - DATE AND TIME OF LATEST TRANSACTION
control field 20211209051403.0
008 - FIXED-LENGTH DATA ELEMENTS--GENERAL INFORMATION
fixed length control field 140402s1954 nyua b 001 0 eng
035 ## - SYSTEM CONTROL NUMBER
System control number (BD-RjUL)29314
040 ## - CATALOGING SOURCE
Original cataloging agency DLC
Transcribing agency DLC
Modifying agency DLC
-- BD-RjUL
Language of cataloging eng
041 1# - LANGUAGE CODE
Language code of text/sound track or separate title eng
Language code of original ger
082 00 - DEWEY DECIMAL CLASSIFICATION NUMBER
Classification number 131.3462
Author mark and year FRO 1954
100 1# - MAIN ENTRY--PERSONAL NAME
Personal name Freud, Sigmund,
Dates associated with a name 1856-1939.
9 (RLIN) 89232
245 14 - TITLE STATEMENT
Title The origins of psycho-analysis :
Remainder of title letters to Wilhelm Fliess, drafts and notes, 1887-1902 /
Statement of responsibility, etc. Edited by Marie Bonaparte, Anna Freud [and] Ernst Kris; authorized translation by Eric Mosbacher and James Strachey. Introd. by Ernst Kris.
250 ## - EDITION STATEMENT
Edition statement [1st ed.]
260 ## - PUBLICATION, DISTRIBUTION, ETC. (IMPRINT)
Place of publication, distribution, etc. New York :
Name of publisher, distributor, etc. Basic Books,
Date of publication, distribution, etc. 1954.
300 ## - PHYSICAL DESCRIPTION
Pagination xi, 486 p. :
Illustrations ill. ;
Size 24 cm.
504 ## - BIBLIOGRAPHY, ETC. NOTE
Bibliography, etc Bibliography: p. [447]-462.
Bibliography, etc Includes index.
650 #0 - SUBJECT ADDED ENTRY--TOPICAL TERM
Topical term or geographic name as entry element Psychoanalysis.
9 (RLIN) 89233
700 1# - ADDED ENTRY--PERSONAL NAME
Personal name Fliess, Wilhelm,
Dates associated with a name 1858-1928.
942 ## - ADDED ENTRY ELEMENTS (KOHA)
Source of classification or shelving scheme Dewey Decimal Classification
Koha item type Books
Holdings
Lost status Source of classification or shelving scheme Damaged status Not for loan Collection code Permanent Location Current Location Shelving location Date acquired Source of acquisition Cost, normal purchase price Total Checkouts Full call number Date last seen Copy number Koha item type
  Dewey Decimal Classification   Added to bundle Non-fiction Central Library, University of Rajshahi Central Library, University of Rajshahi Reading Room 19/09/1957 karim International dhaka 24.60   131.3462 FRO 1954 02/04/2014 C-1 Books
  Dewey Decimal Classification     Non-fiction Central Library, University of Rajshahi Central Library, University of Rajshahi   23/01/1958 Black well 1.00   131.3462 FRO 1954 10/04/2014 C-2 Books